REFLECTIONS on the humanities in Nigeria
Guardat en:
| Autor principal: | |
|---|---|
| Format: | Llibre |
| Idioma: | anglès |
| Publicat: |
The Nigerian Academy of Letters, University of Ibadan
2011
|
| Etiquetes: |
Afegir etiqueta
Sense etiquetes, Sigues el primer a etiquetar aquest registre!
|
MARC
| LEADER | 00000nam a22000007a 4500 | ||
|---|---|---|---|
| 008 | 210406b ||||| |||| 00| 0 eng d | ||
| 020 | |a 978-245-189-4 | ||
| 100 | |a edited by OLORUNTIMEHIN, Olatunji B. | ||
| 245 | |a REFLECTIONS on the humanities in Nigeria |c edited by B. Olatunji Oloruntimehin. |e Occasional Publication |f no. 9 |g xiv, 123p. | ||
| 250 | |c edited by OLORUNTIMEHIN, Olatunji B. | ||
| 260 | |b The Nigerian Academy of Letters, University of Ibadan |c 2011 |h Ibadan |i 685290 |i 685291 |i 685292 |i 685293 |i 685294 |i 685295 |i 685296 |i 685297 |l AS633 .N6R24 |m Humanities – Nigeria. |m Social sciences – Nigeria. | ||
| 500 | |a “Includes references” | ||
| 942 | |a lcc |c BK |e YUNUSA, A.A. |f 6/4/21 | ||
| 952 | |0 0 |1 0 |2 lcc |4 0 |6 AS0633 N6 R24 |7 0 |9 2016 |a HOL |b HOL |c AF |d 2021-04-06 |l 0 |o AS633 .N6R24 |p 2021-5876 |r 2021-04-06 00:00:00 |w 2021-04-06 |y BK | ||
| 952 | |0 0 |1 0 |2 lcc |4 0 |6 AS0633 N6 R24 |7 0 |9 2017 |a HOL |b HOL |c AF |d 2021-04-06 |l 0 |o AS633 .N6R24 |p 2021-5877 |r 2021-04-06 00:00:00 |w 2021-04-06 |y BK | ||
| 952 | |0 0 |1 0 |2 lcc |4 0 |6 AS0633 N6 R24 |7 0 |9 2018 |a HOL |b HOL |c AF |d 2021-04-06 |l 0 |o AS633 .N6R24 |p 2021-5878 |r 2021-04-06 00:00:00 |w 2021-04-06 |y BK | ||
| 952 | |0 0 |1 0 |2 lcc |4 0 |6 AS0633 N6 R24 |7 0 |9 2019 |a HOL |b HOL |c AF |d 2021-04-06 |l 0 |o AS633 .N6R24 |p 2021-5879 |r 2021-04-06 00:00:00 |w 2021-04-06 |y BK | ||
| 952 | |0 0 |1 0 |2 lcc |4 0 |6 AS0633 N6 R24 |7 0 |9 2020 |a HOL |b HOL |c AF |d 2021-04-06 |l 0 |o AS633 .N6R24 |p 2021-5880 |r 2021-04-06 00:00:00 |w 2021-04-06 |y BK | ||
| 952 | |0 0 |1 0 |2 lcc |4 0 |6 AS0633 N6 R24 |7 0 |9 2021 |a HOL |b HOL |c AF |d 2021-04-06 |l 0 |o AS633 .N6R24 |p 2021-5881 |r 2021-04-06 00:00:00 |w 2021-04-06 |y BK | ||
| 952 | |0 0 |1 0 |2 lcc |4 0 |6 AS0633 N6 R24 |7 0 |9 2022 |a HOL |b HOL |c AF |d 2021-04-06 |l 0 |o AS633 .N6R24 |p 2021-5882 |r 2021-04-06 00:00:00 |w 2021-04-06 |y BK | ||
| 952 | |0 0 |1 0 |2 lcc |4 0 |6 AS0633 N6 R24 |7 0 |9 2023 |a HOL |b HOL |c AF |d 2021-04-06 |l 0 |o AS633 .N6R24 |p 2021-5883 |r 2021-04-06 00:00:00 |w 2021-04-06 |y BK | ||
| 999 | |c 1053 |d 1053 | ||